000 00819nam a2200217Ia 4500
001 16721
003 GE_BSU
008 181216s||||||||xx |||||||||||||| ||und||
040 _cGE_BSU
080 _a821.161.1-31
100 _aვასილიევი, არკ.
245 _aდღის პირველ საათზე, თქვენო აღმატებულებავ... წ. 1
245 _bრომანი
245 _cთარგმნეს ნ. მეგრელიშვილმა და შ. როყვამ
260 _aბათუმი
260 _c1975
300 _a223 გვ.22სმ.
653 _aდღის პირველ საათზე, თქვენო აღმატებულებავ...
653 _aრომანი
942 _cBK
999 _c49786
_d49786